Μαθήματα συγχρόνου αναλύσεως
Αποθηκεύτηκε σε:
| Κύριος συγγραφέας: | |
|---|---|
| Μορφή: | Βιβλίο |
| Γλώσσα: | Greek |
| Δημοσίευση: |
[Αθήνα;] :
Τεχνικόν Επιμελητήριον της Ελλάδος,
1973
|
| Θέματα: | |
| Ετικέτες: |
Προσθήκη ετικέτας
Δεν υπάρχουν, Καταχωρήστε ετικέτα πρώτοι!
|
MARC
| LEADER | 00000cam a2200000 i 4500 | ||
|---|---|---|---|
| 001 | 1/51589 | ||
| 008 | 941103s1973 gre d | ||
| 035 | |a 1993 |c ΒΙΒΛΙΟΘΗΚΗ |l 10044181 | ||
| 040 | |a GR-MY-UA |b gre |e aacr | ||
| 041 | 0 | |a gre | |
| 082 | 0 | |a 515.13 | |
| 100 | 1 | |a Ντόκας, Λάμπρος. | |
| 245 | 1 | 0 | |a Μαθήματα συγχρόνου αναλύσεως / |c Λάμπρου Ντόκα |
| 260 | |a [Αθήνα;] : |b Τεχνικόν Επιμελητήριον της Ελλάδος, |c 1973 | ||
| 300 | |a 816 σ.; |c 24 εκ. | ||
| 650 | 0 | 0 | |a Mathematical analysis |x Problems, exercises, etc. |
| 650 | 0 | 0 | |a Mathematical analysis. |
| 650 | 0 | 0 | |a Topology. |
| 852 | |a INST |b SAMOS |e 19941103 |h 515.13 ΝΤΟ |p 005300003191 |q 005300003191 |t BK |y 0 | ||
| 852 | |a INST |b SAMOS |c MAG |e 20090205 |h 515.13 ΝΤΟ |p 005300029434 |q 005300029434 |t BK |y 0 | ||
| 901 | |a BIBL3-2009-1 | ||
| 909 | |a Σ |b 155535 | ||
| 909 | |a Σ |b 025915 | ||